000 00311nam a22001337a 4500
008 170321b xxu||||| |||| 00| 0 eng d
020 _a0815154437
041 _aeng
080 _27TH
_a616.12-008-073
100 _a7
101 _aSHM
245 _aCLINICAL ELECTRO-CARDIOGRAPHY
_cLIPMAN, B.S
942 _2udc
_cBK
999 _c8282
_d8282